| 000 | 01202cam a2200337 i 4500 | ||
|---|---|---|---|
| 999 |
_c200454027 _d72239 |
||
| 003 | TR-AnTOB | ||
| 005 | 20230907091703.0 | ||
| 007 | ta | ||
| 008 | 230906s2006 engad||| ||| 000 0 eng d | ||
| 020 | _a0977854019 | ||
| 040 |
_aTR-AnTOB _beng _erda _cTR-AnTOB |
||
| 041 | 0 | _aeng | |
| 050 | 1 | _aTA347.F5 | |
| 090 |
_aTA347.F5 _bI584 2006 |
||
| 111 | 2 |
_aInternational LS-DYNA users conference _n(9th: _dJune 4-6, 2006: _cDearborn, Michigan USA) _9143024 |
|
| 245 | 0 | 0 |
_aInternational LS-DYNA users conference / _ceditor Wayne L. Mindle. |
| 246 | 0 | _a9th international LS-DYNA users conference 2006. | |
| 264 | 1 |
_aMichigan (USA) : _bLivermore Software Technology Corporation, _c2006. |
|
| 300 |
_avolumes : _billustrations, tables ; _c23 cm |
||
| 336 |
_2rdacontent _atext _btxt |
||
| 337 |
_2rdamedia _aunmediated _bn |
||
| 338 |
_2rdacarrier _avolume _bnc |
||
| 500 | _asponsored by Livermore Technology Corporation (LSTC) | ||
| 650 | 0 |
_aFinite element method _xData processing _923287 |
|
| 650 | 0 |
_aApplication software _94694 |
|
| 653 | _aLS-DYNA (Computer file) | ||
| 653 | _aConstitutive models | ||
| 700 | 1 |
_aMindle, Wayne L. _eeditor _9143023 |
|
| 942 |
_2lcc _cBK |
||